000 00497nam a2200181Ia 4500
008 100920s9999 xx 000 0 und d
082 _b94529
_a24 न 06
100 _aबैजल रेखा.
245 _aशिवार.
260 _bपायल पब्लिकेशन पुणे.
_c2006
300 _a176
_bसाधी
365 _b160
520 _aसायो.
630 _aशिवार.
650 _aसायो.
730 _aशिवार.
942 _cBOOK
999 _c734972
_d734969